000 00598cam a22001931 4500
001 ne 62001250
003 DLC
005 20260227111737.0
008 891012s1961 le 000 0 ararc
010 _ane 62001250
035 _a(OCoLC)20481688
040 _aPrinceton Univ. Libr. for LC
_cWaU
_dDLC
042 _apremarc
050 0 0 _aPJ7838.S3
_bS3
100 1 _aʻĪsá, Sulaymān,
_d1921-
245 1 0 _aṢalāh.. li-arḍ al-thawrah,
_bshiʻr
_c[taʼlīf] Sulaymān al-ʻĪsá.
260 _aBayrūt,
_bDār al-ʻIlm lil-Malāyīn [tārīkh al-muqaddimah:
_c1961]
300 _a132 p.
_c17 cm.
999 _c45231
_d45231